1560 1694 1687 1563 1053 1159 1695 1953 1858 1356 1092 1176 1809 1638 1695 1570 1633 1346 1759 1485 1501 1467 1876 1603 1286 1168 1507 1319 1362 1546 1268 1313 1380 1221 1569 1951 1349 1265 1837 1959 1828 1503 1472 1651 1779 1893 1314 1949 1864 1833 1875 1503 1200 1450 1637 1160 1535 1800 1485 1842 1648 1311 1939 1656 1429 1236 1272 1529 1506 1510 1387 1608 1334 1930 1858 1083 1505 1468 1655 1247 1613 1388 1221 1358 1896 1871 1540 1204 1886 1694 1906 1250 1171 1856 1842 1911 1587 1340 1216 BCNSPRNW ULIB Ver.6.0+V

เปลี่ยนเป็นภาษาไทย

Change to English
 แสดงรายละเอียดบรรณานุกรม
  กลับหน้าหลัก

Brief Record : Get Marc (ISO 2709) : E-mail record : QR code < ปิดหน้าต่าง
LEADER : 00000nam 2200000uu 4500
001    13399112383
003     ULIB
008    110627s2549||||th 000 0 tha d
020    9789749453514
090    นว.^bค725T 2549
100 0  เคท พริตตี้
245 00 หนุ่มกวนสาวแกร่งรักแรงคูณสอง/^cเคท พริตตี้
250    พิมพ์ครั้งที่ 1
260    กรุงเทพฯ :^bตะวันส่อง,^c2549
300    261 หน้า
710 1  ตะวันส่อง
945    ^p165^l0^i024670
995    ทศพร
999 ^a ใช้งานได้ทุกระบบ
รายการนี้ยังไม่มีแท็ก
คุณยังไม่ได้ล็อกอิน คุณสามารถมีกิจกรรมร่วมกับเว็บไซต์ได้ แต่ต้องล็อกอินก่อน ::
  ล็อกอิน

รายการสื่อสารสนเทศ

ลำดับที่ ประเภท เลขเรียก/บาร์โค้ด สถานที่ สถานะ
- ไม่พบข้อมูล -

BibComment


ยังไม่เคยถูกคอมเมนท์

คอมเมนท์ทรัพยากรรายการนี้
  คอมเมนท์: หนุ่มกวนสาวแกร่งร..


 Copyright 2026. Bcnsprnw @Library